| 000 | 00602 a2200217 4500 | ||
|---|---|---|---|
| 005 | 20260212112039.0 | ||
| 008 | 260210b |||||||| |||| 00| 0 eng d | ||
| 020 |
_a9788126936663 _cRs. 1195.00 |
||
| 040 | _aMAIN | ||
| 082 |
_a320.092 _bL831P:P(2) |
||
| 100 | _aPrasad, Chandradeo | ||
| 245 | _aPolitical ideas of Dr. Ram Manohar Lohia | ||
| 250 | _a2nd | ||
| 260 |
_bAtlantic Publishers and Distributors _c2025 _aNew Delhi |
||
| 300 | _axii, 265 | ||
| 650 | _aPolitical Science | ||
| 650 | _aPolitical Thinkers | ||
| 650 | _aPolitical Theory | ||
| 700 | _aLohia, Ram Manohar | ||
| 942 | _cBK | ||
| 999 |
_c395040 _d395040 |
||